| 000 | 00751nam a2200229 a 4500 | ||
|---|---|---|---|
| 001 | 000105961 | ||
| 003 | AM-YEHGA | ||
| 005 | 20250617122315.0 | ||
| 008 | 950417s1989 ru ||||gr|||||||||0|rus|d | ||
| 020 | _a5250004318 | ||
| 040 | _aAM-YeHGA | ||
| 041 | 0 | _arus | |
| 100 | 1 | _aРоманов, Александр Петрович | |
| 245 | 1 | 0 |
_aКонструкторы / _cА.П. Романов, В.С. Губарев. |
| 260 |
_aМосква : _bПолитиздат, _c1989. |
||
| 300 |
_a365 с. ; _c22 см. |
||
| 650 | 1 | 4 |
_aКосмонавтика в СССР _xИстория |
| 650 | 1 | 4 | _aРакетная техника в СССР |
| 700 | 1 | _aГубарев, Владимир Сергеевич | |
| 942 |
_2udc _cBK |
||
| 090 | _c34992 | ||
| 999 |
_c34483 _d34483 |
||